000 01287nam a2200337Ia 4500
005 20220317000404.0
008 141031s2012 ck a b 000 0 und d
020 _a9789583039287
100 1 _aPerrault, Charles,
_d1628-1703
245 1 0 _aPulgarcito
_cCharles Perrault; ilustraciones de Miguel Ángel Carhuatocto ; editor Javier R. Mahecha López ; diseño y diagramación Rafael Rueda Ávila
245 _b.
250 _a1a. edición
300 _a27 páginas
_bilustraciones en color
_c23 cm
490 _aBiblioteca del cuento
521 _aRecomendado para niños de 6 años en adelante
650 1 4 _2LEMB
_aCuentos infantiles franceses
_ySiglo XVII
650 1 4 _2LEMB
_aLiteratura infantil francesa
_ySiglo XVII
650 1 4 _2LEMB
_aBosques en la literatura
650 1 4 _2LEMB
_aPobreza en la literatura
650 1 4 _2LEMB
_aAnimales en la literatura
700 1 0 _aCarhuatocto, Miguel Ángel
_eilustrador
_940998
700 1 0 _aMahecha López, Javier R.
_940999
700 1 0 _aRueda Ávila, Rafael
_ediseñador
_941000
942 _2loc
_cBKINF
264 _aBogotá
_bPanamericana
_c2012
336 _atexto
_btxt
_2rdacontent
337 _asin mediación
_bn
_2rdamedia
338 _avolumen
_bnc
_2rdacarrier
040 _aCO-BoRNBP
_bspa
_erda
_cCO-BoRNBP
084 _aC PER2
999 _c3906
_d3906